000 02046nam0a2200481 4500
001 RU\NLR\bibl\1291984
005 20260405164832.0
010 _a978-5-9704-0899-5
_91000
021 _aRU
_b2008-71527
_94093
035 _a(nilc)EL/0000220054
035 _aVIL\RUSMED\0000140820
035 _a(NLR Aleph) 001277651
090 _a478861
_c478861
100 _a20080925d2008 |||y0rusy50 ca
101 0 _arus
102 _aRU
105 _aa |||||||||
200 1 _aГемостаз и герметизация швов (операции на внутренних органах)
_fВ. А. Попов
210 _aМосква
_cГЭОТАР-Медиа
_d2008
215 _a318, [1] с., [8] л. цв. ил.
_cил.
_d21
225 1 _aБиблиотека врача-специалиста
_iХирургия
320 _aБиблиогр. в конце частей
606 1 _aПаренхиматозные органы
_jРуководства, пособия и т.п.
_xХирургия
_92027007
_3RU\NLR\auth\66933384
606 1 _aВнутренние органы
_jРуководства, пособия и т.п.
_xХирургия
_92187639
_3RU\NLR\auth\661315231
606 1 _aХирургические швы
_jРуководства, пособия и т.п.
_xГерметизация
_92532049
_3RU\NLR\auth\661499730
675 _a[616-089.166-06:616-005.1](035)
_vudc
686 _a76.29.39
_2rugasnti
686 _a76.29.33
_2rugasnti
686 _a76.01.33
_2rugasnti
686 _aE02.520.490
_2MeSH
686 _aE04.350
_2MeSH
686 _aE04.901
_2MeSH
686 _aР457.345.2я77
686 _aР454.62я77
686 _aР457.445.3я77
700 1 _4070
_7ca
_8rus
_aПопов
_bВ. А.
_cд-р мед. наук, хирургия
_gВладислав Александрович
_953670
_3RU\NLR\AUTH\7770742
801 0 _aRU
_bЦНМБ
_c20080925
_gPSBO
801 1 _aRU
_bЦНМБ
_c20080925
801 2 _aRU
_bNLR
_c20081106
_grcr
942 _cBOOK
980 _aNB